00533cam a2200181 i 450000500170000001000130001702000280003003500130005803700180007108200080008910000220009724500630011925000130018226000400019527000530023530000400028850000230032820191202130406.0 aB-731108 a9780205181070c12499.00 aB-731108 bDBAD/Pubadpl 23011 aHenslin, James M 10aSociology : a down-to-earth approach /cby James M Henslin a10th ed. aBostonbPearson Allyn & Baconc2012 a501, Boylston Street, Suite 900bBostoneMA02116 axxxiv, 679p.;c28 cm (Hb)bcol.ill. aincluding Glossary